[Event "EU-Cup 22nd"]
[Site "Fuegen"]
[Date "2006.10.13"]
[Round "6.4"]
[White "Zhigalko, Sergei"]
[Black "Bjornsson, Sigurbjorn"]
[Result "1-0"]
[WhiteElo "2504"]
[BlackElo "2335"]
[PlyCount "65"]
[EventDate "2006.10.08"]
[EventType "team-swiss"]
[EventRounds "7"]
[EventCountry "AUT"]
[SourceTitle "CBM 115"]
[Source "ChessBase"]
[SourceDate "2006.11.15"]
[SourceVersion "1"]
[SourceVersionDate "2006.11.15"]
[SourceQuality "1"]
[WhiteTeam "Minsk Vesnianka"]
[BlackTeam "Reykjavik Hellir"]
[WhiteTeamCountry "BLR"]
[BlackTeamCountry "ISL"]

1. e4 e5 2. Nf3 Nc6 3. Bb5 a6 4. Ba4 d6 5. c3 Bd7 6. O-O g6 7. d4 Bg7 8. Re1 Nge7 9. d5 Nb8 10. c4 b5 11. Bc2 O-O 12. Nc3 h6 13. b4 a5 14. bxa5 bxc4 15. Nd2 Rxa5 16. Nxc4 Ra8 17. Rb1 f5 18. a4 Na6 19. a5 Nc5 20. Be3 Nxe4 21. Nxe4 fxe4 22. Bxe4 Nf5 23. Bd2 Kh7 24. Qc2 Qf6 25. f3 Bc8 26. Ne3 Ra7 27. Rb8 h5 28. Rxc8 Rxc8 29. Nxf5 Bf8 30. Ng3 h4 31. Nh5 Qf7 32. f4 Rb8 33. fxe5 1-0

[Event "EU-Cup 22nd"]
[Site "Fuegen"]
[Date "2006.10.14"]
[Round "7.4"]
[White "Nedev, Trajce"]
[Black "Zhigalko, Sergei"]
[Result "1/2-1/2"]
[WhiteElo "2518"]
[BlackElo "2504"]
[PlyCount "131"]
[EventDate "2006.10.08"]
[EventType "team-swiss"]
[EventRounds "7"]
[EventCountry "AUT"]
[SourceTitle "CBM 115"]
[Source "ChessBase"]
[SourceDate "2006.11.15"]
[SourceVersion "1"]
[SourceVersionDate "2006.11.15"]
[SourceQuality "1"]
[WhiteTeam "Skopje"]
[BlackTeam "Minsk Vesnianka"]
[WhiteTeamCountry "MKD"]
[BlackTeamCountry "BLR"]

1. e4 c5 2. Nf3 Nc6 3. Bb5 e6 4. O-O Nge7 5. c3 a6 6. Ba4 b5 7. Bc2 Bb7 8. Re1 Rc8 9. a4 b4 10. d4 bxc3 11. d5 Nb4 12. Nxc3 Ng6 13. Bb1 Be7 14. g3 O-O 15. h4 d6 16. Ng5 h6 17. Nh3 Bf6 18. h5 Ne5 19. Nf4 Re8 20. Ra3 Qd7 21. a5 Qc7 22. dxe6 fxe6 23. Ng6 Nc4 24. Ra1 Bd4 25. Ne2 Bf6 26. Nef4 Nxb2 27. Qg4 Nc4 28. e5 Nxe5 29. Nxe5 dxe5 30. Nxe6 Qf7 31. Nxc5 Rxc5 32. Qxb4 Rb5 33. Qg4 e4 34. Ba2 Bd5 35. Bxd5 Qxd5 36. Ra4 Qxh5 37. Qxh5 Rxh5 38. Bd2 Rd5 39. Re2 Rd4 40. Ra2 Rd3 41. Kg2 Bd4 42. Rc2 Re6 43. Rc7 Kh7 44. Be1 h5 45. Rd7 Kg6 46. Rd5 Be5 47. Rxd3 exd3 48. Re3 Kf5 49. Rxd3 Bxg3 50. Rxg3 Rxe1 51. Rxg7 Re5 52. Kg3 Rxa5 53. Rh7 Kg6 54. Rc7 Rg5+ 55. Kh4 Rf5 56. Rc6+ Rf6 57. Rc5 Rxf2 58. Rg5+ Kf7 59. Ra5 Rf6 60. Kxh5 Ke7 61. Kg5 Rc6 62. Kf5 Kd6 63. Ke4 Kc7 64. Kd5 Rh6 65. Kc4 Kb6 66. Rg5 1/2-1/2

[Event "Chigorin Memorial-A 14th"]
[Site "St Petersburg"]
[Date "2006.10.23"]
[Round "1"]
[White "Zhigalko, Sergei"]
[Black "Pankov, German"]
[Result "1/2-1/2"]
[WhiteElo "2504"]
[BlackElo "2341"]
[PlyCount "52"]
[EventDate "2006.10.23"]
[EventType "swiss"]
[EventRounds "9"]
[EventCountry "RUS"]
[SourceTitle "EXT 2007"]
[Source "ChessBase"]
[SourceDate "2006.11.23"]
[SourceVersion "1"]
[SourceVersionDate "2006.11.23"]
[SourceQuality "1"]

1. e4 c5 2. c3 d5 3. exd5 Qxd5 4. d4 e6 5. Nf3 Nf6 6. Be2 Be7 7. O-O O-O 8. Be3 cxd4 9. cxd4 Nc6 10. Nc3 Qd6 11. a3 Rd8 12. Qc2 Bd7 13. Rad1 Rac8 14. Qb1 Be8 15. Rfe1 Qb8 16. Ng5 Na5 17. Nce4 g6 18. Nxf6+ Bxf6 19. Ne4 Bg7 20. Bg5 Rxd4 21. Nf6+ Bxf6 22. Bxf6 Rxd1 23. Rxd1 Qf4 24. Bc3 Nc6 25. g3 Qg5 26. Qe4 Rd8 1/2-1/2

[Event "Chigorin Memorial-A 14th"]
[Site "St Petersburg"]
[Date "2006.10.24"]
[Round "2"]
[White "Citak, Selim"]
[Black "Zhigalko, Sergei"]
[Result "0-1"]
[WhiteElo "2312"]
[BlackElo "2504"]
[PlyCount "54"]
[EventDate "2006.10.23"]
[EventType "swiss"]
[EventRounds "9"]
[EventCountry "RUS"]
[SourceTitle "EXT 2007"]
[Source "ChessBase"]
[SourceDate "2006.11.23"]
[SourceVersion "1"]
[SourceVersionDate "2006.11.23"]
[SourceQuality "1"]

1. e4 c5 2. Nf3 Nc6 3. d4 cxd4 4. Nxd4 Nf6 5. Nc3 e5 6. Ndb5 d6 7. Bg5 a6 8. Na3 b5 9. Bxf6 gxf6 10. Nd5 f5 11. exf5 Bxf5 12. Qf3 Nd4 13. Nc7+ Qxc7 14. Qxa8+ Ke7 15. c3 b4 16. cxb4 Qb6 17. Bxa6 Qxb4+ 18. Kf1 Qd2 19. h3 Bh6 20. Qxh8 Bd3+ 21. Bxd3 Qxd3+ 22. Kg1 Ne2+ 23. Kf1 Bf4 24. g3 Nxg3+ 25. Kg1 Qf3 26. Rh2 Ne2+ 27. Kf1 Bxh2 0-1

[Event "Chigorin Memorial-A 14th"]
[Site "St Petersburg"]
[Date "2006.10.25"]
[Round "3"]
[White "Zhigalko, Sergei"]
[Black "Lastin, Alexander"]
[Result "1-0"]
[WhiteElo "2504"]
[BlackElo "2599"]
[PlyCount "99"]
[EventDate "2006.10.23"]
[EventType "swiss"]
[EventRounds "9"]
[EventCountry "RUS"]
[SourceTitle "EXT 2007"]
[Source "ChessBase"]
[SourceDate "2006.11.23"]
[SourceVersion "1"]
[SourceVersionDate "2006.11.23"]
[SourceQuality "1"]

1. e4 c6 2. d4 d5 3. e5 Bf5 4. Nd2 e6 5. Nb3 Nd7 6. Nf3 h5 7. Be2 Be7 8. O-O Nh6 9. h3 Rc8 10. c3 h4 11. Ne1 c5 12. Nxc5 Nxc5 13. dxc5 Bxc5 14. Qa4+ Kf8 15. Nf3 Be4 16. Ng5 Bg6 17. Qxh4 Kg8 18. Nf3 Qxh4 19. Nxh4 Be4 20. Be3 Bxe3 21. fxe3 Kf8 22. Rad1 Ke7 23. Bd3 Bxd3 24. Rxd3 g5 25. Nf3 g4 26. Nd4 gxh3 27. gxh3 Rcg8+ 28. Kf2 Rg5 29. Nf3 Rh5 30. c4 dxc4 31. Rd4 Rc8 32. Rfd1 Rc7 33. h4 Nf5 34. Rf4 c3 35. Rc1 c2 36. e4 Nh6 37. Ke2 Ng8 38. Kd3 f6 39. exf6+ Nxf6 40. Rxc2 Rd7+ 41. Ke2 Ra5 42. a3 Nh5 43. Rg4 e5 44. Ke3 Rb5 45. Rg5 Nf6 46. Rxe5+ Rxe5 47. Nxe5 Rd1 48. Nf3 Rf1 49. Rg2 Kf7 50. Rg1 1-0

[Event "Chigorin Memorial-A 14th"]
[Site "St Petersburg"]
[Date "2006.10.25"]
[Round "4"]
[White "Zhigalko, Sergei"]
[Black "Belov, Vladimir"]
[Result "1/2-1/2"]
[WhiteElo "2504"]
[BlackElo "2589"]
[PlyCount "51"]
[EventDate "2006.10.23"]
[EventType "swiss"]
[EventRounds "9"]
[EventCountry "RUS"]
[SourceTitle "EXT 2007"]
[Source "ChessBase"]
[SourceDate "2006.11.23"]
[SourceVersion "1"]
[SourceVersionDate "2006.11.23"]
[SourceQuality "1"]

1. e4 e5 2. Nf3 Nc6 3. Bb5 a6 4. Ba4 Nf6 5. O-O Be7 6. Re1 b5 7. Bb3 d6 8. c3 O-O 9. h3 Nb8 10. d4 Nbd7 11. Nbd2 Bb7 12. Bc2 Re8 13. Nf1 Bf8 14. Ng3 g6 15. b3 c6 16. Bg5 Bg7 17. Qd2 Qc7 18. a4 d5 19. dxe5 Nxe5 20. Nxe5 Qxe5 21. Bf4 Qe6 22. e5 Nd7 23. Bh6 Bh8 24. f4 Qe7 25. Qf2 Nf8 26. Rf1 1/2-1/2

[Event "Chigorin Memorial-A 14th"]
[Site "St Petersburg"]
[Date "2006.10.27"]
[Round "6"]
[White "Bocharov, Dmitry"]
[Black "Zhigalko, Sergei"]
[Result "1/2-1/2"]
[WhiteElo "2577"]
[BlackElo "2504"]
[PlyCount "95"]
[EventDate "2006.10.23"]
[EventType "swiss"]
[EventRounds "9"]
[EventCountry "RUS"]
[SourceTitle "EXT 2007"]
[Source "ChessBase"]
[SourceDate "2006.11.23"]
[SourceVersion "1"]
[SourceVersionDate "2006.11.23"]
[SourceQuality "1"]

1. d4 d5 2. Nf3 c6 3. c4 e6 4. Nbd2 f5 5. g3 Nd7 6. Qc2 Bd6 7. Bg2 Ngf6 8. O-O O-O 9. Ne1 Qe7 10. Nd3 b6 11. b4 Bb7 12. c5 Bc7 13. Nb3 Ba6 14. a4 b5 15. Na5 Bxa5 16. axb5 Bxb5 17. Rxa5 e5 18. dxe5 Nxe5 19. Bb2 Nxd3 20. exd3 a6 21. Raa1 f4 22. Qd2 Qd7 23. Rfe1 fxg3 24. hxg3 Qf5 25. Re3 Rf7 26. Rae1 Raf8 27. Rf3 Qd7 28. Rf4 h6 29. Be5 Nh7 30. Kh2 Rxf4 31. Bxf4 Qf5 32. d4 Nf6 33. f3 Qh5+ 34. Kg1 Re8 35. Be5 Nd7 36. Bd6 Bc4 37. Re3 Qg6 38. Qe1 Rxe3 39. Qxe3 Nf8 40. g4 Ne6 41. Kf2 Ng5 42. Bg3 Qb1 43. Bf4 Qxb4 44. Qe7 Qc3 45. Bxg5 hxg5 46. Qe8+ Kh7 47. Qh5+ Kg8 48. Qe8+ 1/2-1/2

[Event "Chigorin Memorial-A 14th"]
[Site "St Petersburg"]
[Date "2006.10.28"]
[Round "7"]
[White "Zhigalko, Sergei"]
[Black "Shaposhnikov, Evgeny"]
[Result "1-0"]
[WhiteElo "2504"]
[BlackElo "2558"]
[PlyCount "53"]
[EventDate "2006.10.23"]
[EventType "swiss"]
[EventRounds "9"]
[EventCountry "RUS"]
[SourceTitle "EXT 2007"]
[Source "ChessBase"]
[SourceDate "2006.11.23"]
[SourceVersion "1"]
[SourceVersionDate "2006.11.23"]
[SourceQuality "1"]

1. e4 c5 2. Nf3 e6 3. c3 d5 4. e5 d4 5. Bd3 Nc6 6. O-O Nge7 7. Re1 Ng6 8. g3 Be7 9. h4 f6 10. exf6 Bxf6 11. Be4 Nge5 12. d3 dxc3 13. bxc3 Nxf3+ 14. Qxf3 Ne5 15. Qe2 O-O 16. Be3 c4 17. dxc4 Bd7 18. Nd2 Bc6 19. Bd4 Nf7 20. Bxc6 bxc6 21. Qxe6 Bxd4 22. cxd4 Qxd4 23. Nf3 Qc5 24. Rad1 Kh8 25. Rd7 Nh6 26. Qe5 Qxe5 27. Nxe5 1-0

[Event "Saratov Aratovsky Memorial 6th"]
[Site "Saratov"]
[Date "2006.11.27"]
[Round "1"]
[White "Zhigalko, Sergei"]
[Black "Inants, Aghasi"]
[Result "1-0"]
[WhiteElo "2505"]
[BlackElo "2178"]
[PlyCount "71"]
[EventDate "2006.11.27"]
[EventType "swiss"]
[EventRounds "9"]
[EventCountry "RUS"]
[SourceTitle "EXT 2008"]
[Source "ChessBase"]
[SourceDate "2007.11.25"]
[SourceVersion "1"]
[SourceVersionDate "2007.11.25"]
[SourceQuality "1"]

1. e4 c5 2. Nf3 Nf6 3. e5 Nd5 4. c3 e6 5. Bc4 d6 6. d4 Nc6 7. O-O Nb6 8. Bd3 Qc7 9. dxc5 dxc5 10. Qe2 Bd7 11. Re1 h6 12. h4 O-O-O 13. Na3 a6 14. Bf4 Be7 15. Rad1 Rdg8 16. h5 g6 17. hxg6 fxg6 18. Nc4 Nxc4 19. Bxc4 Nd8 20. Nd2 g5 21. Bh2 h5 22. Ne4 Bc6 23. Nd6+ Kb8 24. b4 cxb4 25. cxb4 h4 26. b5 axb5 27. Bxb5 h3 28. Bxc6 Qxc6 29. Qe4 hxg2 30. Rc1 Qxe4 31. Rc8+ Ka7 32. Rxe4 Rh4 33. Re3 Ra4 34. Rb3 Bxd6 35. exd6 b6 36. d7 1-0

[Event "Saratov Aratovsky Memorial 6th"]
[Site "Saratov"]
[Date "2006.11.28"]
[Round "2"]
[White "Lushenkov, Mikhail M"]
[Black "Zhigalko, Sergei"]
[Result "1/2-1/2"]
[WhiteElo "2395"]
[BlackElo "2505"]
[PlyCount "119"]
[EventDate "2006.11.27"]
[EventType "swiss"]
[EventRounds "9"]
[EventCountry "RUS"]
[SourceTitle "EXT 2008"]
[Source "ChessBase"]
[SourceDate "2007.11.25"]
[SourceVersion "1"]
[SourceVersionDate "2007.11.25"]
[SourceQuality "1"]

1. Nf3 d5 2. d4 c6 3. c4 e6 4. Qc2 dxc4 5. Qxc4 Nf6 6. Bg5 b5 7. Qc2 Bb7 8. Nbd2 Nbd7 9. e3 Rc8 10. Be2 a6 11. a4 Be7 12. O-O O-O 13. Bxf6 gxf6 14. Qe4 f5 15. Qf4 Qc7 16. Qxc7 Rxc7 17. Rfc1 Rfc8 18. Nb3 Kg7 19. Ne1 Nb6 20. Nc5 Bxc5 21. dxc5 Nd5 22. Bf3 Rd8 23. Rd1 Rcd7 24. Bxd5 Rxd5 25. Rxd5 Rxd5 26. axb5 cxb5 27. b4 Kf6 28. Nf3 e5 29. Kf1 Rd3 30. Rb1 Ke6 31. Ke2 Ra3 32. Rd1 f6 33. Rd6+ Ke7 34. Nh4 Bc8 35. Rc6 Ra2+ 36. Kd3 Bd7 37. Rb6 Bc8 38. f3 Ra3+ 39. Kd2 Rb3 40. Rc6 Bd7 41. Rxa6 Rxb4 42. c6 Be6 43. Ra7+ Kd6 44. Rxh7 Kxc6 45. Rh6 Kd5 46. Nxf5 Bxf5 47. e4+ Bxe4 48. fxe4+ Rxe4 49. Rxf6 Ra4 50. Kc3 Ra2 51. Rg6 Ke4 52. h4 Ra8 53. h5 Rh8 54. g4 Kf4 55. h6 e4 56. g5 e3 57. Kd3 b4 58. Rb6 Kxg5 59. Kxe3 Rxh6 60. Rxh6 1/2-1/2

[Event "Saratov Aratovsky Memorial 6th"]
[Site "Saratov"]
[Date "2006.11.29"]
[Round "3"]
[White "Zhigalko, Sergei"]
[Black "Smirnov, Pavel"]
[Result "1/2-1/2"]
[WhiteElo "2505"]
[BlackElo "2625"]
[PlyCount "69"]
[EventDate "2006.11.27"]
[EventType "swiss"]
[EventRounds "9"]
[EventCountry "RUS"]
[SourceTitle "EXT 2008"]
[Source "ChessBase"]
[SourceDate "2007.11.25"]
[SourceVersion "1"]
[SourceVersionDate "2007.11.25"]
[SourceQuality "1"]

1. e4 c5 2. Nf3 Nc6 3. Bb5 e6 4. O-O Nge7 5. c3 d5 6. exd5 Qxd5 7. d4 cxd4 8. c4 Qd6 9. Nxd4 Bd7 10. Nxc6 Nxc6 11. Nc3 Qc7 12. Be3 Bd6 13. Qh5 O-O 14. Rad1 g6 15. Qh4 f5 16. Bg5 Rae8 17. Rd2 Be5 18. Rfd1 Rf7 19. c5 a6 20. Bf1 Nb8 21. Na4 Bb5 22. Rd8 Rff8 23. Rxe8 Rxe8 24. b3 Nd7 25. g3 Nxc5 26. Bxb5 axb5 27. Nxc5 Qxc5 28. Rd7 h5 29. Bh6 Qc6 30. Re7 Rd8 31. Rg7+ Bxg7 32. Qxd8+ Kh7 33. Bxg7 Kxg7 34. Qe7+ Kg8 35. h4 1/2-1/2

[Event "Saratov Aratovsky Memorial 6th"]
[Site "Saratov"]
[Date "2006.11.30"]
[Round "4"]
[White "Petukhov, Dmitry"]
[Black "Zhigalko, Sergei"]
[Result "0-1"]
[WhiteElo "2355"]
[BlackElo "2505"]
[PlyCount "64"]
[EventDate "2006.11.27"]
[EventType "swiss"]
[EventRounds "9"]
[EventCountry "RUS"]
[SourceTitle "EXT 2008"]
[Source "ChessBase"]
[SourceDate "2007.11.25"]
[SourceVersion "1"]
[SourceVersionDate "2007.11.25"]
[SourceQuality "1"]

1. e4 c5 2. c3 Nf6 3. e5 Nd5 4. d4 cxd4 5. Nf3 Nc6 6. Bc4 Nb6 7. Bb3 d5 8. exd6 Qxd6 9. O-O Be6 10. Bxe6 Qxe6 11. Nxd4 Nxd4 12. Qxd4 Rd8 13. Qh4 Qe2 14. Be3 Qxb2 15. Nd2 Rxd2 16. Rab1 Qxc3 17. Bxd2 Qxd2 18. Rfd1 Qa5 19. Qe4 f6 20. Qxb7 Kf7 21. Qc6 g6 22. Re1 e5 23. Qb7+ Be7 24. f4 Qd5 25. Qxd5+ Nxd5 26. fxe5 f5 27. e6+ Kf6 28. Rb7 Rc8 29. Rd7 Nf4 30. Kf2 a6 31. Rb7 Rc6 32. a4 a5 0-1

[Event "Saratov Aratovsky Memorial 6th"]
[Site "Saratov"]
[Date "2006.12.01"]
[Round "5"]
[White "Zhigalko, Sergei"]
[Black "Chernyshov, Konstantin"]
[Result "1/2-1/2"]
[WhiteElo "2505"]
[BlackElo "2560"]
[PlyCount "96"]
[EventDate "2006.11.27"]
[EventType "swiss"]
[EventRounds "9"]
[EventCountry "RUS"]
[SourceTitle "EXT 2008"]
[Source "ChessBase"]
[SourceDate "2007.11.25"]
[SourceVersion "1"]
[SourceVersionDate "2007.11.25"]
[SourceQuality "1"]

1. e4 c5 2. Nf3 b6 3. d4 cxd4 4. Nxd4 Bb7 5. Nc3 Nc6 6. Be3 Nf6 7. f3 Nxd4 8. Qxd4 e6 9. O-O-O Bc5 10. Qd2 Bxe3 11. Qxe3 O-O 12. g4 Bc6 13. h4 Ne8 14. g5 f5 15. exf5 Rxf5 16. Bh3 Rxf3 17. Bxe6+ Kh8 18. Rhf1 Rxf1 19. Rxf1 Nc7 20. Bg4 Qe8 21. Qf4 Ne6 22. Qd6 Nc5 23. Kb1 Nb7 24. Qf4 Qe7 25. a3 Nc5 26. Be2 Ne6 27. Qe5 Rf8 28. Re1 Qc5 29. Bg4 Qxe5 30. Rxe5 Nc7 31. Re7 Re8 32. Rxe8+ Nxe8 33. Ne2 h6 34. gxh6 gxh6 35. Nd4 Nd6 36. b4 Kg7 37. Nxc6 dxc6 38. Bf3 c5 39. bxc5 bxc5 40. Kb2 Kf6 41. Kc3 Ke5 42. Kd3 Kf4 43. Be2 Kg3 44. h5 Kf4 45. a4 a5 46. Bf1 Kf5 47. Be2 Ke5 48. Bf3 Kf4 1/2-1/2

[Event "Saratov Aratovsky Memorial 6th"]
[Site "Saratov"]
[Date "2006.12.02"]
[Round "6"]
[White "Zontakh, Andrey"]
[Black "Zhigalko, Sergei"]
[Result "1/2-1/2"]
[WhiteElo "2570"]
[BlackElo "2505"]
[PlyCount "40"]
[EventDate "2006.11.27"]
[EventType "swiss"]
[EventRounds "9"]
[EventCountry "RUS"]
[SourceTitle "EXT 2008"]
[Source "ChessBase"]
[SourceDate "2007.11.25"]
[SourceVersion "1"]
[SourceVersionDate "2007.11.25"]
[SourceQuality "1"]

1. Nf3 d5 2. c4 d4 3. g3 Nc6 4. Bg2 e5 5. O-O Nf6 6. d3 a5 7. e3 Be7 8. exd4 exd4 9. Na3 O-O 10. Nb5 Bf5 11. Bf4 Rc8 12. Ne5 Nxe5 13. Bxe5 Nd7 14. Bxd4 c6 15. Nc3 Nf6 16. Bxf6 Bxf6 17. Be4 Be6 18. Ne2 Bg4 19. Qc2 Qd6 20. Nc3 Rcd8 1/2-1/2

[Event "Saratov Aratovsky Memorial 6th"]
[Site "Saratov"]
[Date "2006.12.03"]
[Round "7"]
[White "Zhigalko, Sergei"]
[Black "Yandemirov, Valeri"]
[Result "0-1"]
[WhiteElo "2505"]
[BlackElo "2528"]
[PlyCount "140"]
[EventDate "2006.11.27"]
[EventType "swiss"]
[EventRounds "9"]
[EventCountry "RUS"]
[SourceTitle "EXT 2008"]
[Source "ChessBase"]
[SourceDate "2007.11.25"]
[SourceVersion "1"]
[SourceVersionDate "2007.11.25"]
[SourceQuality "1"]

1. e4 e5 2. Nf3 Nc6 3. Bb5 a6 4. Ba4 d6 5. O-O Bg4 6. h3 h5 7. Bxc6+ bxc6 8. d4 Bxf3 9. Qxf3 exd4 10. e5 d5 11. c3 dxc3 12. Nxc3 Ne7 13. e6 fxe6 14. Re1 Qd7 15. Bg5 Nc8 16. Qf5 Qf7 17. Rxe6+ Be7 18. Qe5 Kd7 19. Re1 Bd6 20. Qd4 Rg8 21. R6e2 Qf5 22. h4 Nb6 23. Na4 Nxa4 24. Qxa4 Rae8 25. Rxe8 Rxe8 26. Rc1 Ke6 27. Qxc6 Kf7 28. Qxa6 Re4 29. Qb5 Qe6 30. g3 c5 31. Qd3 c4 32. Qf3+ Kg6 33. b3 Qg4 34. Kg2 Qe6 35. bxc4 dxc4 36. Rb1 Bc5 37. Rb5 Re5 38. Bf4 Rd5 39. a4 Rd3 40. Qb7 Rd5 41. Be3 Rd7 42. Qf3 Rf7 43. Qd1 Qe4+ 44. Kh2 Bxe3 45. Qxh5+ Kf6 46. fxe3 Rd7 47. Rb6+ Ke7 48. Rb2 Rd5 49. Qh8 Qe5 50. Rf2 Rd8 51. Qh7 c3 52. Qc2 Rb8 53. Qg6 Rb2 54. Qf7+ Kd6 55. Qf8+ Qe7 56. Qf4+ Qe5 57. Qf8+ Kc7 58. Qf7+ Kb8 59. Rxb2+ cxb2 60. Qb3+ Ka7 61. a5 Qb8 62. Qf7+ Qb7 63. Qc4 b1=Q 64. Qc5+ Ka6 65. Qd6+ Kxa5 66. Qc5+ Q1b5 67. Qa3+ Qa4 68. Qc5+ Ka6 69. Qd6+ Qbc6 70. Qd3+ Ka7 0-1

[Event "Saratov Aratovsky Memorial 6th"]
[Site "Saratov"]
[Date "2006.12.04"]
[Round "8"]
[White "Gorbatov, Alexej"]
[Black "Zhigalko, Sergei"]
[Result "0-1"]
[WhiteElo "2380"]
[BlackElo "2505"]
[PlyCount "76"]
[EventDate "2006.11.27"]
[EventType "swiss"]
[EventRounds "9"]
[EventCountry "RUS"]
[SourceTitle "EXT 2008"]
[Source "ChessBase"]
[SourceDate "2007.11.25"]
[SourceVersion "1"]
[SourceVersionDate "2007.11.25"]
[SourceQuality "1"]

1. c4 e5 2. Nc3 Nf6 3. Nf3 Nc6 4. g3 Bb4 5. Bg2 O-O 6. O-O Re8 7. d3 d6 8. Bd2 Bg4 9. a3 Bxc3 10. Bxc3 e4 11. dxe4 Nxe4 12. Rc1 Nxc3 13. Rxc3 Qf6 14. h3 Bh5 15. Qd5 Bg6 16. Qb5 Rab8 17. e3 Be4 18. Qg5 Qe6 19. Nd2 Bxg2 20. Kxg2 Ne5 21. f4 h6 22. Qh5 Nd7 23. Qa5 b5 24. b4 bxc4 25. Nxc4 c5 26. Rd1 d5 27. Qxa7 d4 28. Rcc1 Qc6+ 29. Kg1 Ra8 30. b5 Qc8 31. Nd6 Rxa7 32. Nxc8 Rxc8 33. exd4 c4 34. Rc3 Nb6 35. d5 Rd7 36. d6 Rcd8 37. a4 Nxa4 38. Rc2 Nb6 0-1

[Event "Saratov Aratovsky Memorial 6th"]
[Site "Saratov"]
[Date "2006.12.05"]
[Round "9"]
[White "Zhigalko, Sergei"]
[Black "Karasev, Vladimir I"]
[Result "0-1"]
[WhiteElo "2505"]
[BlackElo "2380"]
[PlyCount "66"]
[EventDate "2006.11.27"]
[EventType "swiss"]
[EventRounds "9"]
[EventCountry "RUS"]
[SourceTitle "EXT 2008"]
[Source "ChessBase"]
[SourceDate "2007.11.25"]
[SourceVersion "1"]
[SourceVersionDate "2007.11.25"]
[SourceQuality "1"]

1. e4 c5 2. Nf3 d6 3. d4 cxd4 4. Qxd4 Nc6 5. Bb5 Bd7 6. Bxc6 Bxc6 7. Nc3 h6 8. Qd3 Nf6 9. Nd4 g6 10. f3 Bg7 11. Be3 Nd7 12. Qe2 Rc8 13. O-O-O O-O 14. h4 Kh7 15. f4 Nc5 16. Nxc6 Rxc6 17. e5 Qa5 18. h5 dxe5 19. hxg6+ fxg6 20. fxe5 Na4 21. Nxa4 Qxa4 22. Kb1 Qe4 23. Qd2 Qxe5 24. Qc1 g5 25. Bxg5 Rfc8 26. c3 Rxc3 27. bxc3 Rxc3 28. Qxc3 Qxc3 29. Bc1 Qa1+ 30. Kc2 Qxa2+ 31. Kd3 Qxg2 32. Be3 a5 33. Rhg1 Qc6 0-1

[Event "Warsaw AIG Life rapid 6th"]
[Site "Warsaw"]
[Date "2006.12.16"]
[Round "1"]
[White "Zhigalko, Sergei"]
[Black "Major, Boguslaw"]
[Result "1-0"]
[WhiteElo "2504"]
[BlackElo "1859"]
[PlyCount "54"]
[EventDate "2006.12.16"]
[EventType "swiss (rapid)"]
[EventRounds "13"]
[EventCountry "POL"]
[SourceTitle "CBM 115 Extra"]
[Source "ChessBase"]
[SourceDate "2007.01.10"]
[SourceVersion "1"]
[SourceVersionDate "2007.01.10"]
[SourceQuality "1"]

1. e4 d6 2. d4 Nf6 3. Nc3 g6 4. Nf3 Bg7 5. h3 c6 6. a4 Nbd7 7. Be3 Qa5 8. Qd2 O-O 9. Be2 c5 10. O-O cxd4 11. Bxd4 Nc5 12. Qe3 Ne6 13. Bxf6 Bxf6 14. Nd5 Bxb2 15. Nxe7+ Kh8 16. Rab1 Bg7 17. Bc4 Qc7 18. Nxc8 Qxc4 19. Nxd6 Qxc2 20. Rxb7 Kg8 21. a5 Rad8 22. e5 a6 23. Ra7 Ra8 24. Rb7 Qa4 25. Qb3 Qc6 26. Rxf7 Nc5 27. Rxf8+ Kxf8 1-0

[Event "Warsaw AIG Life rapid 6th"]
[Site "Warsaw"]
[Date "2006.12.16"]
[Round "3"]
[White "Zhigalko, Sergei"]
[Black "Bobula, Mateusz"]
[Result "1-0"]
[WhiteElo "2504"]
[BlackElo "2285"]
[PlyCount "75"]
[EventDate "2006.12.16"]
[EventType "swiss (rapid)"]
[EventRounds "13"]
[EventCountry "POL"]
[SourceTitle "CBM 115 Extra"]
[Source "ChessBase"]
[SourceDate "2007.01.10"]
[SourceVersion "1"]
[SourceVersionDate "2007.01.10"]
[SourceQuality "1"]

1. e4 e6 2. d4 d5 3. e5 c5 4. c3 Qb6 5. Nf3 Nc6 6. a3 Nh6 7. b4 cxd4 8. cxd4 Nf5 9. Be3 f6 10. exf6 gxf6 11. Bd3 Nxe3 12. fxe3 Bd7 13. O-O O-O-O 14. Nc3 Kb8 15. Rc1 Rc8 16. Qe2 Bd6 17. Kh1 Ne7 18. e4 dxe4 19. Nxe4 Nd5 20. Nc5 Bxc5 21. dxc5 Qc7 22. Nd4 Nf4 23. Qe3 e5 24. Nb5 Qc6 25. Rxf4 exf4 26. Qxf4+ Ka8 27. Nd6 Rb8 28. b5 Qc7 29. a4 f5 30. Be2 Be6 31. Bf3 Rhd8 32. h3 Rd7 33. a5 Rxd6 34. Qxd6 Qxd6 35. cxd6 Rd8 36. Rc7 Rxd6 37. Rxh7 Bc8 38. a6 1-0

[Event "Warsaw AIG Life rapid 6th"]
[Site "Warsaw"]
[Date "2006.12.16"]
[Round "4"]
[White "Krzesaj, Robert"]
[Black "Zhigalko, Sergei"]
[Result "1/2-1/2"]
[WhiteElo "2308"]
[BlackElo "2504"]
[PlyCount "89"]
[EventDate "2006.12.16"]
[EventType "swiss (rapid)"]
[EventRounds "13"]
[EventCountry "POL"]
[SourceTitle "CBM 115 Extra"]
[Source "ChessBase"]
[SourceDate "2007.01.10"]
[SourceVersion "1"]
[SourceVersionDate "2007.01.10"]
[SourceQuality "1"]

1. d4 Nf6 2. Nf3 e6 3. g3 b5 4. Bg2 Bb7 5. O-O c5 6. c3 Be7 7. a4 b4 8. Nbd2 O-O 9. Re1 d5 10. Ne5 Nbd7 11. Ndf3 Rc8 12. Bg5 h6 13. Nxd7 Nxd7 14. Bxe7 Qxe7 15. cxb4 cxb4 16. Qd2 a5 17. Rec1 Ba6 18. e3 Qd6 19. b3 Qb8 20. Ra2 Rxc1+ 21. Qxc1 Bd3 22. Qd2 Bg6 23. Ra1 Rc8 24. Rc1 Rc7 25. Bf1 Qc8 26. Rxc7 Qxc7 27. Bd3 Be4 28. Ne1 e5 29. Qc2 Qxc2 30. Bxc2 Bxc2 31. Nxc2 e4 32. Kf1 g5 33. Ke2 f5 34. Ne1 Kg7 35. Ng2 Kg6 36. Kd2 Nf8 37. Ke2 Ne6 38. f4 gxf4 39. Nxf4+ Nxf4+ 40. gxf4 Kh5 41. Kf2 Kh4 42. Kg2 Kg4 43. h3+ Kh4 44. Kh2 h5 45. Kg2 1/2-1/2

[Event "Warsaw AIG Life rapid 6th"]
[Site "Warsaw"]
[Date "2006.12.16"]
[Round "5"]
[White "Zhigalko, Sergei"]
[Black "Ajrapetjan, Yuriy"]
[Result "1/2-1/2"]
[WhiteElo "2504"]
[BlackElo "2403"]
[PlyCount "109"]
[EventDate "2006.12.16"]
[EventType "swiss (rapid)"]
[EventRounds "13"]
[EventCountry "POL"]
[SourceTitle "CBM 115 Extra"]
[Source "ChessBase"]
[SourceDate "2007.01.10"]
[SourceVersion "1"]
[SourceVersionDate "2007.01.10"]
[SourceQuality "1"]

1. e4 e5 2. Nf3 Nc6 3. Bb5 Nf6 4. O-O Nxe4 5. d4 Nd6 6. Bxc6 dxc6 7. dxe5 Nf5 8. Qxd8+ Kxd8 9. Nc3 Ne7 10. h3 h6 11. Bf4 Ng6 12. Bg3 Bd7 13. Rad1 Kc8 14. Nd4 Bc5 15. Ne4 Bb6 16. c4 Bxd4 17. Rxd4 b6 18. Bh2 c5 19. Rd2 Nh4 20. f3 Be6 21. b3 Kb7 22. Kf2 Nf5 23. g4 Nd4 24. Kg3 a5 25. Bg1 Nc6 26. f4 g6 27. a4 Rad8 28. Rfd1 Rxd2 29. Rxd2 h5 30. Ng5 hxg4 31. hxg4 Rh1 32. Nf3 Rh8 33. Rd1 Rh1 34. Rd2 Rh8 35. Bh2 Kc8 36. Rd1 Nd4 37. Nxd4 cxd4 38. Rxd4 Bxg4 39. Kxg4 Rxh2 40. Kg5 Rh5+ 41. Kf6 Rf5+ 42. Ke7 Kb7 43. Ke8 g5 44. fxg5 Rxe5+ 45. Kxf7 Rxg5 46. Rd3 Re5 47. Kf6 Re1 48. Kf5 Kc6 49. Rd5 Re3 50. Rb5 Kb7 51. c5 Rh3 52. Ke4 Kc6 53. cxb6 cxb6 54. Kd4 Rg3 55. Ke4 1/2-1/2